KOHA-Header-6

Advertising Management (Record no. 7539)

000 -LEADER
fixed length control field 00253nam a2200109Ia 4500
100 ## - MAIN ENTRY--AUTHOR NAME
Personal name Rajeev Batra
245 #0 - TITLE STATEMENT
Title Advertising Management
260 ## - PUBLICATION, DISTRIBUTION, ETC. (IMPRINT)
Place of publication India
Name of publisher Addision
Year of publication 2002
300 ## - PHYSICAL DESCRIPTION
Number of Pages 751
942 ## - ADDED ENTRY ELEMENTS (KOHA)
Koha item type Books
Holdings
Withdrawn status Lost status Collection code Permanent Location Current Location Shelving location Date acquired Full call number Accession Number Koha item type
    Management MAJU MAJU   2019-09-12 658.5 1439 Management

Powered by Koha